00455cam a22001337a 4500020001800000040000800018082002600026245002700052260008800079300004500167700003200212710001500244856006200259 a9789798452451 cDLC a250 MIN 2012 C140 Or.10aProceeding Inafor 2011 a[Jakarta] :bMinistry of Forestry, Forestry Research and Development Agency,c2012. a1 online resource (xviii, 993 p.) :bPDF1 aParthama, Ida Bagus Putera.1 aIndonesia.40uhttp://www.forda-mof.org/files/Proceeding_INAFOR_2011.pdf